| 000 | 00311cam a22000977a 4500 | ||
|---|---|---|---|
| 008 | 180718b xxu||||| |||| 00| 0 eng d | ||
| 082 | _aK85x42 | ||
| 245 | _aAllocation of pension : explanatory memorandum | ||
| 260 |
_aLondon _bHer Majesty's Stationery Office _c |
||
| 500 | _aContents : Library has 1946, 1955, 1957, 1970 | ||
| 999 |
_c429082 _d429082 |
||